Normal view
MARC view
- Supervisor : Prof. Dr. Attya Bhatti
Entry Personal Name
001 - CONTROL NUMBER
- control field: 123762
003 - CONTROL NUMBER IDENTIFIER
- control field: NUST
005 - DATE AND TIME OF LATEST TRANSACTION
- control field: 20240624161309.0
008 - FIXED-LENGTH DATA ELEMENTS
- fixed length control field: 240624|| aca||aabn | a|a d
040 ## - CATALOGING SOURCE
- Original cataloging agency: NUST
- Transcribing agency: NUST
100 ## - HEADING--PERSONAL NAME
- Personal name: Supervisor : Prof. Dr. Attya Bhatti
670 ## - SOURCE DATA FOUND
- Source citation: Work cat.: (NUST): Syed, Nida Ali 123761, Genetic and Biochemical basis of Advanced Glycation End Products induced Micro- and Macrovascular Complications in Type 2 Diabetes Mellitus/
